Statistics for DreamWorks Animated Characters

Click here to take the quiz!

General Stats

  • This quiz has been taken 797 times
  • The average score is 13 of 26

Answer Stats

Hint Film (or series) Answer % Correct
Green ogre who lives
in a swamp
ShrekShrek
97%
Princess by day;
ogress by night
ShrekFiona
96%
Talkative, annoying
beast of burden
ShrekDonkey
96%
Dashing feline swordfighterShrekPuss in Boots
87%
Leads the hens
in an escape
Chicken RunGinger (Baby Doll)
83%
Sidekick, best friend
---and dog
Wallace & GromitGromit
81%
He invents elaborate gadgetsWallace & GromitWallace
80%
Obese "Kung Fu" PandaKung Fu PandaPo
76%
"Not my gumdrop buttons!"ShrekGingerbread Man
74%
Lion in the Central Park ZooMadagascarAlex
70%
Zebra who wants
to escape to the wild
MadagascarMarty
65%
Diminutive despot of DulocShrekLord Farquad
50%
Leader of the Furious FiveKung Fu PandaMaster Tigress
42%
Fearless leader of the penguinsMadagascarSkipper
36%
Giant bunny
with an attitude
Wallace & GromitWere-Rabbit
35%
Cool, colorful
Whale Wash worker
Shark TaleOscar
32%
Vegetarian great
white shark
Shark TaleLenny
29%
Evil enemy of the
Furious Five
Kung Fu Panda 2Lord Shen
21%
Heroic flying roosterChicken RunRocky Rhodes
21%
Attractive but deadly
lionfish female
Shark TaleLola
18%
Neurotic worker ant who
tries to build a better colony
AntzZ
17%
Ambitious non-conforming beeBee MovieBarry B. Benson
15%
Selfish, cruel, farm ownerChicken RunMrs. Tweedy
14%
Florist and bee loverBee MovieVanessa Bloome
14%
Princess of the ant colonyAntzPrincess Bala
8%
Soldier ant leaderAntzGeneral Mandible
5%

Score Distribution

Percentile by Number Answered

Percent of People with Each Score

Your Score History

You have not taken this quiz